Ansaras (Record no. 8907)

MARC details
000 -LEADER
fixed length control field 00392nam a22001337a 4500
008 - FIXED-LENGTH DATA ELEMENTS--GENERAL INFORMATION
fixed length control field 211020b |||||||| |||| 00| 0 eng d
082 ## - DEWEY DECIMAL CLASSIFICATION NUMBER
Classification number 790.2 PAT
245 ## - TITLE STATEMENT
Title Ansaras
Remainder of title all the visual matters
Statement of responsibility, etc. A journal of Performing and Visual Arts Spring 2011
260 ## - PUBLICATION, DISTRIBUTION, ETC.
Place of publication, distribution, etc. NA :
Name of publisher, distributor, etc. Niyogi Books,
Date of publication, distribution, etc. 2011.
300 ## - PHYSICAL DESCRIPTION
Extent 148 p.
Dimensions 24 cm.
700 ## - ADDED ENTRY--PERSONAL NAME
Personal name Pathy, Dinanth
Personal name Rath Kumar Bijay
942 ## - Added entry Elements (Koha)
Source of classification or shelving scheme Dewey Decimal Classification
Holdings
Withdrawn status Lost status Source of classification or shelving scheme Damaged status Not for loan Collection code Home library Current library Shelving location Date acquired Serial Enumeration / chronology Total Checkouts Full call number Barcode Date last seen Price effective from Koha item type
    Dewey Decimal Classification     Main TEST RTC Library RTC Library Main opac 20/10/2021 16231   790.2 PAT 30015240 20/10/2021 20/10/2021 Main
Royal Thimphu College || All Right Reserved